000 00426nam a2200181Ia 4500
005 20250603144915.0
008 250603s9999 xx 000 0 und d
020 _a9780713688740
050 _aPN 4784 .C43/
100 _aChantler, Paul.
245 0 _aEssential radio journalism
260 _aLondon
260 _bA & C Black Publishers Ltd.
260 _c2009
300 _a264 p
650 _aLondon
942 _cBK
999 _c40301
_d40301